Responses for Show #7697 - Tuesday, February 13, 2018

WE ASKED: Jay Leno.

Contestants

[<< previous game]

Emily Deckenback, a midwife from San Bruno, California

Frank Lang, a utility locator from Mesa, Arizona

Marty Cunningham, an accountant and voice artist from Arvada, Colorado (whose 3-day cash winnings total $65,900)

[next game >>]

Jeopardy! Round responses

JAY LENO'S GARAGE
HORMONES
IMAGINARY FOLKS' JOBS
WOOD
AIRPORTS NAMED FOR PEOPLE
SYNONYMOUS ANAGRAMS
    $200 1
Charles de Gaulle

Frank
    $200 6
milk

Marty
    $200 11
attorney

Frank
    $200 16
timber

Frank
    $200 19
Poland

Emily
    $200 26
(Marty: What is apt?)
...
[The end-of-round signal sounds.]

pat

MartyFrank
    $400 2
aluminum

Marty
    $400 7
steroids

Emily
    $400 12
lumberjack

Marty
    $400 17
a knot

Frank
    $1,000 21
(Marty: Who is Philip?)
(Alex: Nope.)
(Marty: [*].)
(Alex: [*], the son. You're at $2,000, in second place. We have less than a minute now.)

Alexander

Marty
    $600 3
Howard Hughes

Marty
    $600 8
insulin

Frank
    $600 13
(Frank: [Singing] What is [*]?)

a showgirl

Frank
    $600 18
grain

Marty
    $600 22
Corsica

Emily
    $800 4
the World's Fair

Frank
    $800 9
human growth hormone

Emily
    $800 14
(Frank: What is a principal?)
(Emily: What is the teacher?)

librarian

FrankEmily
Triple Stumper
    $800 20
mahogany

Marty
    $800 24
Marco Polo

Emily
    $1000 5
(Frank: What is Mach?)
(Marty: Who is Rolls-Royce?)
(Emily: What is Jaguar?)
...
(Alex: Our thanks to Jay Leno. We're gonna go back to his garage, and next time, I'd like to be there also. Okay, Frank. You have no money.)
(Frank: No, I do not.)
(Alex: But you have command of the board.)

McLaren

MartyFrankEmily
Triple Stumper
    $1000 10
melatonin

Frank
    $1000 15
a Canadian Mountie

Marty
    $1000 23
Lincoln Logs

Frank
    $1000 25
Bonn

Frank

Scores at the first commercial break (after clue 13):

Marty Frank Emily
$600 $2,400 $200

Scores at the end of the Jeopardy! Round:

Marty Frank Emily
$1,800 $4,400 $1,000

Double Jeopardy! Round responses

WORD PUZZLES
NASDAQ COMPANIES
OLD NAMES ON THE MAP
NOVEL "T"s
PRESIDENTIAL QUOTES
SAD!
    $400 6
a beeline

Frank
    $400 16
Amazon

Frank
    $400 26
Saigon

Frank
    $400 11
Twilight

Frank
    $400 1
polls

Frank
    $400 21
Cast Away

Emily
    $800 7
stand-up comedy

Frank
    $800 17
Rupert Murdoch

Marty
    $800 27
Siam

Frank
    $800 12
To Kill a Mockingbird

Emily
    $800 2
Jefferson

Frank
    $800 22
Toy Story

Frank
    $1200 8
foreign policy

Marty
    $1200 18
(Frank: What is Walmart?)

Costco

MartyFrank
    $1200 28
Rhodesia

Marty
    $1200 13
Tess of the D'Urbervilles

Marty
    $1200 3
George H.W. Bush

Frank
    $1200 23
Nicole Kidman

Frank
    $1600 9
(Frank: What is a top--choice cut?)
(Alex: No.)
(Frank: Top cut! Top.)

high stakes

FrankEmily
    $1600 19
eBay

Frank
    $1600 29
Kampuchea

Frank
    $2,000 14
(Marty: What is the therapist's wife?)

the time traveler's wife

Marty
    $1600 4
Hope

Marty
    $1600 24
(Alex: With less than a minute to go.)

P.S. I Love You

Frank
    $2000 10
(Frank: What is a straight?)
...
(Alex: You've got nine, ten, queen, king but no jack, so it would be [*].)

a skipjack

Frank
Triple Stumper
    $2000 20
Garmin

Frank
    $2000 30
Oslo

Marty
    $2000 15
Their Eyes Were Watching God

Frank
    $2,000 5
(Marty: What is Congress?)

the bank

Marty
    $2000 25
Beaches

Marty

Scores at the end of the Double Jeopardy! Round:

Marty Frank Emily
$9,000 $16,000 $3,800

[wagering suggestions for these scores]

Final Jeopardy! Round responses

CLASSIC TV HOMES
EmilyWhat is the Brady Bunch?
$200
MartyWhat is The Beverly Hillbillies?
$8,000
FrankWhat is The Beverly Hillbillies
$6,999
The Beverly Hillbillies

Final scores:

Marty Frank Emily
$17,000 $22,999 $3,600
2nd place: $2,000 New champion: $22,999 3rd place: $1,000

Game dynamics:

Coryat scores:

Marty Frank Emily
$14,000 $16,000 $3,800
15 R,
5 W
(including 3 DDs)
27 R,
5 W
8 R,
2 W

Combined Coryat: $33,800

[game clues] [game scores] [suggest correction]

Game tape date: 2017-11-27
The J! Archive is created by fans, for fans. Scraping, republication, monetization, and malicious use prohibited; this site may use cookies and collect identifying information. See terms. The Jeopardy! game show and all elements thereof, including but not limited to copyright and trademark thereto, are the property of Jeopardy Productions, Inc. and are protected under law. This website is not affiliated with, sponsored by, or operated by Jeopardy Productions, Inc. Join the discussion at JBoard.tv.